000 00271nam a2200109Ia 4500
001 1276111
005 20260417160441.0
008 260417s9999 xx 000 0 und d
020 _a9786255888136
245 0 _aRüya Kapanı
_cDenizhan Yakupoğlu
260 _bKetebe Genç
999 _c1276111
_d1276111